000 00373nam a22001457a 4500
020 _a-
082 _a613.7 WAH
100 _aWaheer, Mughal Dr.
245 _aRehnuma-e-Khail-o-Jismani Taleem (URDU)
260 _aRawalpindi
_bTahir Printing Press
_c2009
300 _axvi, 592 p.
500 _aIncludes index
650 _a1. Physical education and training.
942 _cBK
999 _c13378
_d13378